|
|
|
|
| LEADER |
03556nam a2200433 a 4500 |
| 001 |
5616 |
| 003 |
BD-DhAAL |
| 008 |
110604s1993 bg b 001 0 benod |
| 020 |
|
|
|a 9845120067 (hbk.) :
|8 0.00 (v. 1-3)
|
| 020 |
|
|
|a 9789845120067 (hbk.)
|
| 040 |
|
|
|a BD-DhAAL
|c BD-DhAAL
|
| 043 |
|
|
|a a-bg---
|
| 082 |
0 |
0 |
|a 954.92
|2 20
|
| 245 |
0 |
0 |
|a বাংলাদেশের ইতিহাস, ১৭০৪-১৯৭১.
|n দ্বিতীয় খণ্ড /
|c সম্পাদক, সিরাজুল ইসলাম ; সম্পাদনা সহকারী, হারুন-অর-রশিদ ; সহযোগী সম্পাদক, সাজাহান মিয়া.
|
| 260 |
|
|
|a ঢাকা :
|b এশিয়াটিক সোসাইটি অব বাংলাদেশ,
|c ১৯৯৩ [তৃতীয় সংস্করণ ২০০৭, চতুর্থ মুদ্রণ ২০২১].
|
| 300 |
|
|
|a ৫৮৩ পৃষ্ঠা,
|a ৬৩০ পৃষ্ঠা :
|b চিত্র, মানচিত্র ;
|c ২৫ সে.মি.
|
| 362 |
|
|
|a Vol. 2
|
| 504 |
|
|
|a গ্রন্থপঞ্জিগত নির্দেশিকা অন্তর্ভুক্ত।
|
| 505 |
0 |
|
|a ২য় খণ্ড. অর্থনৈতিক ইতিহাস.
|
| 526 |
|
|
|a BIED, GenEd
|
| 541 |
|
|
|a Complimentary copy from BIED, Book Finder International (41710, 41711, 41712, 41713, 41714)
|e 5616, 35906, 41710, 41711, 41712, 41713, 41714
|
| 546 |
|
|
|a In Bengali.
|
| 651 |
|
0 |
|a Bangladesh
|x History.
|9 42291
|
| 651 |
|
0 |
|a Bengal (India)
|x History.
|9 42292
|
| 700 |
1 |
|
|a ইসলাম, সিরাজুল,
|d ১৯৩৯-
|9 42293
|
| 700 |
0 |
|
|a হারুন-অর-রশিদ.
|9 42294
|
| 700 |
0 |
|
|a মিয়া, সাজাহান.
|9 55531
|
| 710 |
2 |
|
|a Asiatic Society of Bangladesh
|9 42295
|
| 852 |
1 |
|
|a Ayesha Abed Library
|c General Stacks
|
| 942 |
|
|
|2 ddc
|c BK
|
| 999 |
|
|
|c 10948
|d 10948
|
| 952 |
|
|
|0 0
|1 0
|2 ddc
|4 0
|6 954_920000000000000_BAN
|7 0
|9 17098
|a BRACUL
|b BRACUL
|c GEN
|d 2011-06-04
|g 800.00
|l 14
|m 61
|o 954.92 BAN
|p 3010005616
|r 2025-08-17
|s 2024-12-23
|t 1
|w 2011-06-04
|y BK
|
| 952 |
|
|
|0 0
|1 0
|2 ddc
|4 0
|6 954_920000000000000_BAN
|7 0
|9 58157
|a SCL
|b SCL
|c GEN
|d 2016-02-24
|l 7
|m 3
|o 954.92 BAN
|p 3020005749
|r 2024-02-15
|s 2024-02-07
|t 2
|w 2016-02-24
|y BK
|
| 952 |
|
|
|0 0
|1 0
|2 ddc
|4 0
|6 954_920000000000000_BAN
|7 0
|9 69450
|a BRACUL
|b BRACUL
|c GEN
|d 2021-10-28
|e Complimentary copy from BIED
|l 10
|m 28
|o 954.92 BAN
|p 3010035906
|r 2025-10-08
|s 2025-08-26
|t 3
|w 2021-10-28
|y BK
|x Transferred from BIED to General Stacks
|
| 952 |
|
|
|0 0
|1 0
|2 ddc
|4 0
|6 954_920000000000000_BAN
|7 0
|9 74346
|a SCL
|b SCL
|c GEN
|d 2023-09-08
|e Book Finder International
|g 742.56
|l 4
|m 1
|o 954.92 BAN
|p 3020041712
|r 2024-02-26
|s 2024-02-22
|t 6
|v 742.56
|w 2023-09-08
|y BK
|
| 952 |
|
|
|0 0
|1 0
|2 ddc
|4 0
|6 954_920000000000000_BAN
|7 0
|9 74347
|a SCL
|b SCL
|c GEN
|d 2023-09-08
|e Book Finder International
|g 742.56
|l 4
|m 9
|o 954.92 BAN
|p 3020041713
|r 2024-11-07
|s 2024-10-31
|t 7
|v 742.56
|w 2023-09-08
|y BK
|
| 952 |
|
|
|0 0
|1 0
|2 ddc
|4 0
|6 954_920000000000000_BAN
|7 0
|9 74348
|a SCL
|b SCL
|c GEN
|d 2023-09-08
|e Book Finder International
|g 742.56
|l 3
|m 5
|o 954.92 BAN
|p 3020041711
|r 2024-11-25
|s 2024-11-03
|t 5
|v 742.56
|w 2023-09-08
|y BK
|
| 952 |
|
|
|0 0
|1 0
|2 ddc
|4 0
|6 954_920000000000000_BAN
|7 0
|9 74349
|a SCL
|b SCL
|c GEN
|d 2023-09-08
|e Book Finder International
|g 742.56
|l 4
|m 4
|o 954.92 BAN
|p 3020041714
|r 2025-04-28
|s 2025-04-28
|t 8
|v 742.56
|w 2023-09-08
|y BK
|
| 952 |
|
|
|0 0
|1 0
|2 ddc
|4 0
|6 954_920000000000000_BAN
|7 0
|9 74350
|a SCL
|b SCL
|c GEN
|d 2023-09-08
|e Book Finder International
|g 742.56
|l 3
|o 954.92 BAN
|p 3020041710
|r 2024-09-25
|s 2024-09-19
|t 4
|v 742.56
|w 2023-09-08
|y BK
|